000 00438nam a2200157Ia 4500
008 210716s1988 xx 000 0 und d
020 _a70575231
041 _aeng
082 _a004 SILG
100 _aSilverman, Gprdon; Tirkiew, David.
245 _aComputers and computer languages .
250 _a1
260 _aNew Delhi
_bMc Graw Hill Book Company
_c1988
300 _ax, 580
650 _aData processing, Computer science(004)
999 _c181333
_d181333